Central Asian art

Bibliographic Details
Format: Book
Published: London : Greenwitch , 2003
Subjects:

MARC

LEADER 00000cam a2200000 7i4500
001 0000016482
005 20080425.0
008 080425
020 |a 0862885795 
090 0 0 |a 721   |b CEN 
245 1 0 |a Central Asian art 
260 |a London :   |b Greenwitch ,   |c 2003 
650 0 |a Architecture 
999 |a 0000937241   |b Book   |c Adult Collection   |e Cawangan Bandar Tenggara 
999 |a 0001014076   |b Book   |c REFERENCE   |e Perbadanan Perpustakaan Awam Johor